| 000 | 00563nam a2200169Ia 4500 | ||
|---|---|---|---|
| 008 | 090711s9999 xx 000 0 und d | ||
| 082 | _b70069 | ||
| 100 | _aबांदोडकर व. पु. / बांदोडकर गो. पु. | ||
| 245 | _aमेख | ||
| 260 | _c1993 | ||
| 300 | _a205 | ||
| 600 | _aबांदोडकर व. पु. / बांदोडकर गो. पु. | ||
| 630 | _aमेख | ||
| 700 | _aबांदोडकर व. पु. / बांदोडकर गो. पु. | ||
| 730 | _aमेख | ||
| 942 | _cBOOK | ||
| 999 |
_c287786 _d287786 |
||